000 00487nam a2200133Ia 4500
005 20260209120134.0
008 260209s9999||||xx |||||||||||||| ||und||
100 _aNanditta Batra
245 0 _aData protection in global digital world - comparative study of India, EU us
260 _aBangaloreBangalore
_bNLSIU
_c2014
300 _a117 p. ; 25 cm.
700 _aProf. (Dr.) T Ramakrishna - GuideProf. (Dr.) T Ramakrishna - Guide
856 _uhttps://dans.nls.ac.in/handle/123456789/1775
999 _c217163
_d217163